Manual de español

Na minha lista:
Detalhes bibliográficos
Autor principal: Široká, Zuzana
Outros Autores: Sánchez Presa, Mónica
Formato: Livro
Idioma:espanhol
Publicado em: Bratislava Zuzana Široká 2011
Assuntos:
Tags: Adicionar Tag
Sem tags, seja o primeiro a adicionar uma tag!

MARC

LEADER 00000nam a2200000 4500
001 0166109
005 20240502072908.5
020 |a 978-80-970960-4-5 
041 0 |a spa 
044 |a SK 
245 1 0 |a Manual de español  |c Zuzana Široká ; odborná redaktorka Mónica Sánchez Presa 
264 1 |a Bratislava  |b Zuzana Široká  |c 2011 
300 |a 90 s. [8,5 AH] 
610 2 0 |a španielčina 
610 2 0 |a jazyky cudzie 
610 2 0 |a gramatika 
610 2 0 |a zásoba slovná 
100 1 |a Široká, Zuzana 
700 1 |a Sánchez Presa, Mónica